Detalles MARC
| 000 -CABECERA |
| campo de control de longitud fija |
01621cas a2200349 i 4500 |
| 001 - NÚMERO DE CONTROL |
| campo de control |
000045428 |
| 003 - IDENTIFICADOR DEL NÚMERO DE CONTROL |
| campo de control |
DLC |
| 005 - FECHA Y HORA DE LA ÚLTIMA TRANSACCIÓN |
| campo de control |
20260129145439.0 |
| 007 - CAMPO FIJO DE DESCRIPCIÓN FÍSICA--INFORMACIÓN GENERAL |
| campo de control de longitud fija |
ta |
| 008 - DATOS DE LONGITUD FIJA--INFORMACIÓN GENERAL |
| campo de control de longitud fija |
150309c2011 dr ar1pdd || |0spa d |
| 040 ## - FUENTE DE LA CATALOGACIÓN |
| Centro catalogador/agencia de origen |
DO-SdBNP |
| Lengua de catalogación |
spa |
| Centro/agencia transcriptor |
BNPHU |
| Normas de descripción |
rda |
| 041 ## - CÓDIGO DE LENGUA |
| Código de lengua original |
spa |
| 043 ## - CÓDIGO DE ÁREA GEOGRÁFICA |
| Código de área geográfica |
nwdr |
| 245 00 - MENCIÓN DE TÍTULO |
| Título |
¡Carnavales! : |
| Resto del título |
cultura y folclor del Caribe. |
| 264 ## - PRODUCCIÓN, PUBLICACIÓN, DISTRIBUCIÓN, FABRICACIÓN Y COPYRIGHT |
| Producción, publicación, distribución, fabricación y copyright |
Santo Domingo, República Dominicana : |
| Nombre del de productor, editor, distribuidor, fabricante |
Vegarte, |
| Fecha de producción, publicación, distribución, fabricación o copyright |
2011. |
| 300 ## - DESCRIPCIÓN FÍSICA |
| Extensión |
volumen : |
| Otras características físicas |
ilustraciones, fotografías ; |
| Dimensiones |
27 cm. |
| 310 ## - PERIODICIDAD ACTUAL |
| Periodicidad actual |
Anual |
| 336 ## - TIPO DE CONTENIDO |
| Término de tipo de contenido |
texto |
| Código de tipo de contenido |
txt |
| Fuente |
rdacontent |
| 337 ## - TIPO DE MEDIO |
| Nombre/término del tipo de medio |
sin mediación |
| Código del tipo de medio |
n |
| Fuente |
rdamedia |
| 338 ## - TIPO DE SOPORTE |
| Nombre/término del tipo de soporte |
volumen |
| Código del tipo de soporte |
nc |
| Fuente |
rdacarrier |
| 362 1# - FECHAS DE PUBLICACIÓN Y/O DESIGNACIÓN SECUENCIAL |
| Fecha de publicación y/o designación secuencial |
Inicia con: Año 2, No. 2. Edición 2011. |
| 500 ## - NOTA GENERAL |
| Nota general |
Catalogación basada en: Año 2, No. 2. Edición 2011. |
| 500 ## - NOTA GENERAL |
| Nota general |
Director: 2011, Santiago Espinal. |
| 500 ## - NOTA GENERAL |
| Nota general |
Editor: 2011, Marcos Jorge. |
| 500 ## - NOTA GENERAL |
| Nota general |
Carnavales no se hace responsable ni se identifica necesariamente con los conceptos emitidos por sus colaboradores y entrevistados. No somos responsables de publicar originales no solicitados. Prohibida la reproducción total o parcial de cualquier información gráfica o escrita por cualquier medio, sin previa autorización de la sociedad editora. |
| 520 ## - SUMARIO, ETC. |
| Sumario, etc. |
Carnavales, revista de los carnavales de El Caribe. Es una publicación anual de circulación internacional. |
| 650 #4 - PUNTO DE ACCESO ADICIONAL DE MATERIA--TÉRMINO DE MATERIA |
| Término de materia o nombre geográfico como elemento de entrada |
Cultura regional |
| Subdivisión general |
Carnaval |
| Subdivisión de forma |
Publicaciones periódicas |
| 9 (RLIN) |
73480 |
| 651 #4 - PUNTO DE ACCESO ADICIONAL DE MATERIA--NOMBRE GEOGRÁFICO |
| Nombre geográfico |
República Dominicana |
| Subdivisión general |
Carnaval |
| Subdivisión de forma |
Publicaciones periódicas |
| 9 (RLIN) |
73481 |
| 700 1# - PUNTO DE ACCESO ADICIONAL--NOMBRE DE PERSONA |
| Nombre de persona |
Espinal, Santiago |
| Término indicativo de función/relación |
director |
| 9 (RLIN) |
73482 |
| 700 1# - PUNTO DE ACCESO ADICIONAL--NOMBRE DE PERSONA |
| Nombre de persona |
Jorge, Marcos |
| Término indicativo de función/relación |
editor |
| 9 (RLIN) |
73483 |
| 942 ## - ELEMENTOS DE PUNTO DE ACCESO ADICIONAL (KOHA) |
| Fuente del sistema de clasificación o colocación |
Dewey Decimal Classification |
| Tipo de ítem Koha |
Publicación periódica |